000 00589nam a2200241Ia 4500
003 OSt
005 20220912152034.0
006 a|||||r|||| 00| 0
007 ta
008 220909b |||||||| |||| 00| 0 eng d
024 _a61246
037 _cTextual
040 _aCSL
_beng
_cCSL
041 _aeng
082 _aA, L71
100 _aPermutter Arnold Ed.
245 0 _aSignificance of nonlinearity in the natural science
260 _c1977
300 _ap.
_ccm.
650 _aScience
942 _hA, L71
_cTEXL
_2CC
999 _c79612
_d79612